2024 USA Olympic Men's Basketball Roster - Statistics

General Stats
  • This quiz has been taken 141 times
  • The average score is 10 of 12
Answer Stats
Answer % Correct
Lebron James
100%
Stephen Curry
98%
Kevin Durant
90%
Jayson Tatum
86%
Anthony Davis
85%
Joel Embiid
84%
Devin Booker
80%
Anthony Edwards
79%
Tyrese Haliburton
71%
Kawhi Leonard
67%
Jrue Holiday
66%
Bam Adebayo
65%
No matching quizzes found
Score Distribution
Percent of People with Each Score
Percentile by Number Answered
Your Score History
You have not taken this quiz